000 01089nam a22003137a 4500
003 CHAP
005 20220817042206.0
008 971013s1983 r 00010 d
010 _a37214
011 _a38186
035 _a42306
040 _cCHAP
090 _aFolleto 7757 (1982-83)
110 _aMéxico. Dirección General de Economía Agrícola
_976976
245 _aPrograma siembra-exportación de chile bell
_b: temporada 1982-83
260 _aMéxico, D.F. :
_bLa Dirección,
_c(1983?)
300 _a27 p.
_b; gráfs
590 _aBATCH-UPD
_b10
_c20130110
_lUCH01
_h1622
590 _aBATCH-UPD
_b10
_c20130410
_lUCH01
_h1017
590 _aBATCH-UPD
_b10
_c20130914
_lUCH01
_h0923
590 _aCONVERSION
_b10
_c20130109
_lUCH01
_h1321
650 1 4 _aChile (Botánica)
_xMercadeo.
_922377
650 1 4 _aChile (Botánica)
_xVariedades.
650 1 4 _aExportación e importación
_zMéxico.
_939119
901 _aBK
942 _cFOLL
949 _aFolleto 7757 (1982-83)
_bBC
_cFOLL
_d-97443
_eTS1
_i42306
_si
949 _aFolleto 7757 (1982-83)
_bBC
_cFOLL
_d-97444
_eTS2
_fc.2
_i42306
_mD
_si
999 _c37214
_d37214